|
|
|
|
| LEADER |
00779nab a2200181 i 4500 |
| 001 |
misc43294 |
| 005 |
20191106141328.0 |
| 008 |
180822s1992 hu o 0|| zxx d |
| 022 |
|
|
|a 1215-5233
|
| 040 |
|
|
|a SZTE Miscellanea Repozitórium
|b hun
|
| 041 |
|
|
|a zxx
|
| 100 |
1 |
|
|a Száray Miklós
|
| 245 |
1 |
2 |
|a A történelmi térkép és a diák
|h [elektronikus dokumentum] :
|b a topográfia oktatása és szerepe a nyolcévfolyamos történelemtanításban /
|c Száray Miklós
|
| 260 |
|
|
|c 1992
|
| 300 |
|
|
|a 116-119
|
| 490 |
0 |
|
|a Iskolakultúra
|v 2 No. 11-12_
|
| 695 |
|
|
|a Történelem tanítása, Topográfia, Oktatásügy - Magyarország - 20. sz., Pedagógia - Magyarország - 20. sz.
|
| 856 |
4 |
0 |
|u http://misc.bibl.u-szeged.hu/43294/1/iskolakultura_1992_011_012_116-0119.pdf
|z Dokumentum-elérés
|